Di truyền học động vật Giáo trình dùng cho các trường Đại học Nông nghiệp

Wedi'i Gadw mewn:
Manylion Llyfryddiaeth
Prif Awdur: Nguyễn, Ân
Fformat: Llyfr
Iaith:Undetermined
Cyhoeddwyd: Hà Nội Nông nghiệp 1983
Pynciau:
Tagiau: Ychwanegu Tag
Dim Tagiau, Byddwch y cyntaf i dagio'r cofnod hwn!
Thư viện lưu trữ: Trung tâm Học liệu Trường Đại học Cần Thơ
LEADER 00690nam a2200193Ia 4500
001 CTU_9008
008 210402s9999 xx 000 0 und d
082 |a 591.35 
082 |b Â121 
100 |a Nguyễn, Ân 
245 0 |a Di truyền học động vật 
245 0 |b Giáo trình dùng cho các trường Đại học Nông nghiệp 
245 0 |c Nguyễn Ân, Hoàng Gián, Lê Viết Lý 
260 |a Hà Nội 
260 |b Nông nghiệp 
260 |c 1983 
650 |a animal genetics 
904 |i Mai chuyển số PL từ 575.1/D300 thành 591.35/Â121 chưa in nhãn 
980 |a Trung tâm Học liệu Trường Đại học Cần Thơ